01869nam a22002897a 4500003000900000005001700009007000300026008004100029040002500070082002900095245012700124246008700251260008000338300002700418500007400445500003500519500002000554501015900574505056800733650003601301651006001337651005401397651005201451710001801503710001901521710003901540DO-SdBNP20240528191003.0ta210913e2006 a|||| |||| 001 0 spa d aDO-SdBNPbspacBNPHU 4a339.46 bI43s, 2006 22200aInforme sobre la pobreza en la República Dominicana : blogrando un crecimiento económico que beneficie a los pobres .00aDominican Republic poverty assessment : achieving more pro-poor growth iEspañol aSanto Domingo :bBanco Mundial : Banco Interamericano de Desarrollo,c2006. a310 p.: bil.;c28 cm. aDocumento del Banco Mundial y del Banco Interamericano de Desarrollo. aIncluye índice de contenido. aIncluye anexos. aCon foto de la portada: "De Guachupita al Cielo", Oleo sobre tela 1979. 24 x 24. Autor; Gilberto Hernández Ortega. Colección Museo Bellapart Rep. Dom.0 aResumen Ejecutivo.tIntroducción --t1. Crecimiento económico, pobreza y desiguadad -- t2. Factores determinantes de la pobreza y la desigualdad --t3. Oportunidades de empleo en mercados laborales urbano y rural --t4. Rendimiento por encima del esperado y resultados insuficientes en educación --t5. Asistencia social, Pobreza y Equidad -- t6. Impacto Distributivo de la Reforma Fiscal ( Del ITBIS) --tBibliografía --4 aPobrezazRepública Dominicana 4aRepública DominicanaxCondiciones económicasy1961- 4aRepública DominicanaxCondiciones económicas  4aRepública DominicanaxPolítica económica 2 aBanco Mundial2 aBanco Mundial 2 aBanco Interamericano de Desarrollo